Caricamento...

Aadhunik Hindi Kavitha memloktatva

Dettagli Bibliografici
Autore principale: Dwivedi, Virendra Nath
Natura: Printed Book
Pubblicazione: Kanpur Vidya prakasan 1991
LEADER 00384nam a22001097a 4500
082 |a 891.4309  |b DWI.A 
100 |a Dwivedi, Virendra Nath 
245 |a Aadhunik Hindi Kavitha memloktatva 
260 |a Kanpur  |b Vidya prakasan  |c 1991 
942 |c BK 
999 |c 16916  |d 16916 
952 |0 0  |1 0  |4 0  |6 891_430900000000000_DWI_A  |7 0  |9 19282  |a CAMPUS  |b CAMPUS  |d 2017-09-02  |l 0  |o 891.4309 DWI.A  |p 07020  |r 2017-09-02  |w 2017-09-02  |y BK